=LDR 00000nam 2200000 4500 =001 INLIS000000000044513 =990 ##$$a 21100475 =005 20250314102151 =990 ##$$a 21100477 =035 ##$$a 0010-101300000002435 =990 ##$$a 21100476 =008 250314################g##########0#ind## =990 ##$$a 21100474 =041 ##$$a Ind =082 ##$$a 741.5 =090 ##$$a 741.5, Ies s =100 ##$$a Ie Swe Ching =245 1#$$a Sidharta Gautama /$c Ie Swe Ching ; alih bahasa, Klara Siauw =260 ##$$a Jakarta :$b Gramedia,$c 2009 =300 ##$$a 106 Hlm : $b Ilus ; $c 14 x 20,5 Cm =650 #4$$a Komik, bacaan =850 ##$$a NBPNMAT =020 ##$$a 979-637-028-x =084 ##$$a 741.5 IE s =250 ##$$a Cet. 21 =990 ##$$a 21100477 =990 ##$$a 21100476 =990 ##$$a 21100474 =990 ##$$a 1202003791 =990 ##$$a 21100475 =990 ##$$a 21100477 =990 ##$$a 21100476 =990 ##$$a 21100474